Mengenal Sains

Bibliographic Details
Format: Book
Published: s.l. : Time Life Asia , 1989
Series:Pustaka Asas Kanak-kanak
Subjects:

MARC

LEADER 00000cam a2200000 7i4500
001 0000007932
002 000008506
005 20010822.0
020 |a 0809480042 
090 0 0 |a 500   |b MEN 
245 0 0 |a Mengenal Sains 
260 |a s.l. :   |b Time Life Asia ,   |c 1989 
300 |a 87p. :   |b ill. ;   |c 30cm. 
490 0 |a Pustaka Asas Kanak-kanak 
650 0 0 |a Science and technology   |x Juvenile literature 
999 |a 00105764   |b BUKU   |c JUNIOR REFERENCE   |e PERPUSTAKAAN KOMUNITI PETALING JAYA 
999 |a 16331   |b BUKU   |c PINJAMAN   |e PERPUSTAKAAN KOMUNITI PETALING JAYA